000 00757nam a2200241 i 4500
001 bg
100 1 _aGÓRECKI, Aleksander
245 0 _aMontaż, naprawa i eksploatacja maszyn i urządzeń przemysłowych :
_bpodręcznik dla zasadniczej szkoły zawodowej /
_cAleksander Górecki, Zbigniew Grzegórski.
250 _aWyd. 3.
260 _aWarszawa :
_bWydawnictwa Szkolne i Pedagogiczne,
_c1992.
300 _a478, [1] s. :
_brys., wykr. ;
_c21 cm.
490 1 _aTechnologia
504 _aBibliogr. s. [479].
700 1 _aGRZEGÓRSKI, Zbigniew
830 _aTechnologia
020 _a830203990X
040 _cBPK
041 _apol
080 _a621(075.3)
920 _a83-02-03990-X
942 _cKS
008 s pl f |000 0 pol
999 _c6045
_d6045
856 _uhttp://koha.tu.koszalin.pl/cgi-bin/koha/opac-detail.pl?biblionumber=6045
_yKatalog online BPK